Top 10 Most Watched Disney+ TV Shows of 2021 - Statistics

General Stats
  • This quiz has been taken 15 times
  • The average score is 5 of 10
Answer Stats
Hint Answer % Correct
7. WandaVision
92%
6. The Mandalorian
83%
5. Loki
75%
10 The Falcon and the Winter Soldier
75%
8. What If...?
50%
1. The Simpsons
33%
3. Bluey
17%
9. Grey's Anatomy
17%
4. Jessie
17%
2. Mickey Mouse Clubhouse
17%
No matching quizzes found
Score Distribution
Percent of People with Each Score
Percentile by Number Answered
Your Score History
You have not taken this quiz